000 00339nam a2200109 a 4500
005 20140408090023.0
008 021121s19uu xx 00 eng d
050 _aPGS '00
_bCOR #31
100 _aCortes, Inez Chiara C.
245 _aAwareness of selected people from Metro Manila, Batangas, Laguna & Cavity on biotechnology.
942 _cPASS
999 _c96307
_d96307